| 000 | 01048cam a2200325 a 4500 | ||
|---|---|---|---|
| 999 |
_c23108 _d23108 |
||
| 001 | vtls011605211 | ||
| 005 | 20220131080759.0 | ||
| 008 | 201207s2017 xo g 000 f slo | ||
| 020 |
_a9788055152301 _q(viaz.) |
||
| 035 | _a7F927EA6-42F7-4B86-ADE5-C8AE306FF005 | ||
| 035 | _aurn:nbn:sk:snk-am3ib94 | ||
| 035 | _aurn:nbn:sk:snk-am00e0pv | ||
| 040 |
_aZKSE _bslo _cZKSE _dSNK _eAACR2 |
||
| 041 | 1 |
_aslo _heng |
|
| 044 |
_axo _cSK |
||
| 072 | 7 |
_a821.111(73)-3 _xAmerická próza _2konspekt |
|
| 080 |
_a821.111(73)-31 _22011 |
||
| 100 | 1 |
_aChang, Jade _92611 |
|
| 240 | 1 | 4 |
_aThe Wangs vs. the world _lSlovensky |
| 245 | 1 | 0 |
_aWangovci verzus svet _cJade Changová ; preložila Tamara Chovanová |
| 260 |
_aBratislava _bIkar _c2017 |
||
| 300 |
_a408 s. _c21 cm |
||
| 500 | _aPreložené z angličtiny | ||
| 655 | 7 |
_aamerické romány _2SNKPH _92 |
|
| 655 | 7 |
_aAmerican novels _2SNKPHeng _91670 |
|
| 700 | 1 |
_aChovanová, Tamara, _d1953- _4trl _91712 |
|
| 958 | _aLX | ||
| 958 | _aUP | ||